<?xml version="1.0" encoding="UTF-8"?>
<marc:record xmlns:marc="http://www.loc.gov/MARC21/slim">
   <marc:leader>00000nam a2200000 a 4500</marc:leader>
   <marc:datafield ind1="1" ind2=" " tag="100">
      <marc:subfield code="a">Willett, Marcia</marc:subfield>
      <marc:subfield code="4">aut</marc:subfield>
      <marc:subfield code="e">Verfasser/-in</marc:subfield>
   </marc:datafield>
   <marc:datafield ind1="0" ind2="0" tag="245">
      <marc:subfield code="a">Das verborgene Kind</marc:subfield>
   </marc:datafield>
   <marc:datafield ind1="0" ind2="0" tag="245">
      <marc:subfield code="b">Roman</marc:subfield>
   </marc:datafield>
   <marc:datafield ind1="0" ind2="0" tag="245">
      <marc:subfield code="c">Marcia Willett. Aus dem Engl. von Barbara Röhl</marc:subfield>
   </marc:datafield>
   <marc:datafield ind1=" " ind2="1" tag="264">
      <marc:subfield code="a">Köln</marc:subfield>
      <marc:subfield code="b">Bastei Lübbe Taschenbuch</marc:subfield>
      <marc:subfield code="c">2012</marc:subfield>
   </marc:datafield>
   <marc:datafield ind1="1" ind2=" " tag="520">
      <marc:subfield code="a">Ein Rosenholzkästchen mit persönlichen Erinnerungsstücken aus dem Nachlass seiner Mutter gibt dem jungen Londoner Matt Rätsel auf. Er findet darin einen Stapel Fotos, die ihn in jedem Alter zeigen. Das Verstörende ist nur: Matt sind die abgebildeten Spielzeuge und die Umgebung ebenso fremd wie die Kleidung, die er darauf trägt. Und warum zeigt keines der Bilder seine Schwester Imogen? Bedrängt von Kindheitserinnerungen und bösen Albträumen, sucht Matt Hilfe bei Lottie, einer alten Freundin seines Vaters. Sie lebt in Exmoor und führt ein offenes Haus. Dort, in der friedlichen Landschaft von Devon, entdeckt Matt ein ungeheuerliches Geheimnis, das sein Leben stets überschattet hat.</marc:subfield>
   </marc:datafield>
   <marc:datafield ind1=" " ind2=" " tag="020">
      <marc:subfield code="a">9783404166213</marc:subfield>
      <marc:subfield code="9">9783404166213</marc:subfield>
   </marc:datafield>
   <marc:datafield ind1=" " ind2=" " tag="020">
      <marc:subfield code="a">3404166213</marc:subfield>
      <marc:subfield code="9">3404166213</marc:subfield>
   </marc:datafield>
   <marc:datafield ind1=" " ind2=" " tag="300">
      <marc:subfield code="a">318 S.</marc:subfield>
   </marc:datafield>
</marc:record>
